[Event "ENG-ch (Women)"]
[Site "Solihull"]
[Date "2018.09.02"]
[Round "4"]
[White "Dicen, Imogen"]
[Black "Sapkowska, Agnieszka"]
[Result "1-0"]
[WhiteElo "1459"]
[BlackElo "1778"]
[PlyCount "103"]
[EventDate "2018.08.31"]
[EventType "swiss"]
[EventRounds "5"]
[EventCountry "ENG"]
[SourceTitle "CBM 186 Extra"]
[Source "ChessBase"]
[SourceDate "2018.08.24"]
[SourceVersion "1"]
[SourceVersionDate "2018.08.24"]
[SourceQuality "1"]

1. d4 d5 2. c4 e6 3. Nc3 Nf6 4. Nf3 c5 5. Bf4 Nc6 6. e3 dxc4 7. Bxc4 cxd4 8. exd4 Be7 9. 0-0 0-0 10. Re1 b6 11. Qd2 Bb7 12. Rad1 Rc8 13. Be2 Nb4 14. Ne5 Nbd5 15. Bg3 Bb4 16. Rc1 Ne4 17. Qd3 Nexc3 18. bxc3 Rxc3 19. Rxc3 Nxc3 20. a3 Nxe2+ 21. Rxe2 Qd5 22. f3 Bd6 23. Ng4 Bxg3 24. hxg3 Rd8 25. Rd2 f6 26. Ne3 Qd7 27. Kf2 Rc8 28. Rd1 Bd5 29. Rh1 f5 30. g4 g6 31. gxf5 exf5 32. Re1 b5 33. Nxd5 Qxd5 34. Re5 Qc4 35. Qxc4+ bxc4 36. Rc5 Rxc5 37. dxc5 Kf7 38. Ke3 Ke6 39. Kd4 c3 40. Kxc3 Kd5 41. Kb4 Kc6 42. a4 h5 43. f4 h4 44. Kc4 a6 45. Kd4 a5 46. Kc4 g5 47. fxg5 f4 48. g6 f3 49. gxf3 h3 50. g7 h2 51. g8Q h1Q 52. Qc8# 1-0

[Event "ENG-ch (Women)"]
[Site "Solihull"]
[Date "2018.09.01"]
[Round "2"]
[White "Sapkowska, Agnieszka"]
[Black "Wang, Susie"]
[Result "0-1"]
[WhiteElo "1778"]
[BlackElo "1490"]
[PlyCount "104"]
[EventDate "2018.08.31"]
[EventType "swiss"]
[EventRounds "5"]
[EventCountry "ENG"]
[SourceTitle "CBM 186 Extra"]
[Source "ChessBase"]
[SourceDate "2018.08.24"]
[SourceVersion "1"]
[SourceVersionDate "2018.08.24"]
[SourceQuality "1"]

1. d4 d5 2. Nf3 Nf6 3. Bg5 h6 4. Bxf6 exf6 5. e3 Be6 6. Bd3 Bd6 7. 0-0 0-0 8. Nbd2 Nd7 9. b3 c5 10. c4 cxd4 11. Nxd4 Ne5 12. Nxe6 fxe6 13. Be2 dxc4 14. Nxc4 Nxc4 15. Bxc4 Qe7 16. f4 Bc5 17. Qf3 Kh8 18. Kh1 b6 19. Qe4 Rfe8 20. h3 e5 21. f5 Red8 22. Rf3 Rac8 23. Be6 Rc7 24. Rg3 Rd2 25. Qa8+ Qf8 26. Qxf8+ Bxf8 27. e4 Rcc2 28. a4 a5 29. Bf7 Bc5 30. Bh5 Bf2 31. Rg4 Rd3 32. Bf7 Rcc3 33. Bc4 Rd2 34. Rf1 Bg3 35. Kg1 h5 36. Rg6 h4 37. Rg4 Rcc2 38. Rxg3 hxg3 39. Rf3 Rxg2+ 40. Kf1 Rcf2+ 41. Rxf2 Rxf2+ 42. Kg1 Kh7 43. h4 Rh2 44. Bd5 Kh6 45. Bf7 Re2 46. h5 Kg5 47. Kf1 g2+ 48. Kg1 Kf4 49. Bc4 Rd2 50. Kh2 Kf3 51. h6 gxh6 52. Bf7 Kf2 0-1

[Event "ENG-ch (Women)"]
[Site "Solihull"]
[Date "2018.08.31"]
[Round "1"]
[White "Longson, Sarah N"]
[Black "Sapkowska, Agnieszka"]
[Result "1-0"]
[WhiteElo "2123"]
[BlackElo "1778"]
[PlyCount "71"]
[EventDate "2018.08.31"]
[EventType "swiss"]
[EventRounds "5"]
[EventCountry "ENG"]
[SourceTitle "CBM 186 Extra"]
[Source "ChessBase"]
[SourceDate "2018.08.24"]
[SourceVersion "1"]
[SourceVersionDate "2018.08.24"]
[SourceQuality "1"]

1. e4 e5 2. Nf3 Nc6 3. Bc4 Bc5 4. 0-0 Nf6 5. d3 h6 6. c3 0-0 7. Nbd2 d6 8. h3 Ne7 9. d4 exd4 10. cxd4 Bb6 11. Bd3 d5 12. e5 Nd7 13. Nb3 c5 14. dxc5 Nxc5 15. Nxc5 Bxc5 16. Bd2 a5 17. Rc1 b6 18. Qe2 Bf5 19. Rfd1 Bxd3 20. Qxd3 d4 21. a3 Nc6 22. Qe4 Qd7 23. b4 axb4 24. axb4 f5 25. Qc2 Nxb4 26. Bxb4 Bxb4 27. Qc4+ Kh8 28. Rxd4 b5 29. Qxb4 Qb7 30. Rcd1 Rfc8 31. Rd7 Qb6 32. Qe7 Qg6 33. Nh4 Qh7 34. Qf7 Qg8 35. Ng6+ Kh7 36. Qxf5 1-0